Julio Verne : Familia sin nombre / (Registro nro. 8656)

Detalles MARC
000 -LIDER
fixed length control field 00838nam a22002777a 4500
001 - NÚMERO DE CONTROL
Identificador de número de control 37353
003 - IDENTIFICACDOR DE NÚMERO DE CONTROL
control field DO-SdBNP
005 - DATE AND TIME OF LATEST TRANSACTION
control field 20241017112209.0
007 - CAMPOS FIJOS DE DESCRIPCIÓN FÍSICA
fixed length control field 37353
008 - ELEMENTOS DE LONGITUD FIJA
fixed length control field 890208s1987 sp spa
020 ## - ISBN
International Standard Book Number 8440200552
040 ## - FUENTE DE CATALOGACIÓN
Agencia que crea de manera original el registro BPMSU
Idioma de catalogación spa
Agencia que realiza la transcripción BPMSU
082 #4 - NÚMERO DE CLASIFICACIÓN DECIMAL DE DEWEY
Classification number 843.8
Item number V531J 1987
Edition number 22
100 1# - ASIENTO PRINCIPAL -- NOMBRE PERSONAL
Nombre personal Verne, Julio,
Fechas asociadas con el nombre 1828-1905
245 10 - MENCIÓN DE TITULO
Título Julio Verne : Familia sin nombre /
Mención de responsabilidad Julio Verne ; traducción A. Jubera
260 1# - PUBLICACIÓN, DISTRIBUCIÓN, ETC. (PIE DE IMPRENTA)
Lugar de publicación, distribución, etc Barcelona :
Nombre del editor, distribuidor, etc. Ediciones Orbis,
Fecha de publicación, distribución, etc 1987
300 ## - DESCRIPCIÓN FÍSICA
Extensión v. :
Otros detalles físicos il.
Dimensiones 20 cm.
490 0# - MENCIÓN DE SERIES
Mención de serie Julio Verne,
Volume/sequential designation 53
534 ## - NOTA SOBRE LA VERSIÓN ORIGINAL
Frase introductoria Título original
Mención del título original en francés: Famille-sans-nom
650 #4 - ENCABEZAMIENTO DE MATERIA--TEMÁTICO
Término temático o nombre geográfico como elemento de entrada Novela juvenil francesa
650 #4 - ENCABEZAMIENTO DE MATERIA--TEMÁTICO
Término temático o nombre geográfico como elemento de entrada Literatura juvenil francesa
700 1# - ASIENTO SECUNDARIO -- NOMBRE PERSONAL
Nombre personal Jubera, A.
700 1# - ASIENTO SECUNDARIO -- NOMBRE PERSONAL
Nombre personal Tiret-Bognet, Georges
Fechas asociadas con el nombre 1855-1935
910 ## - VALIDACIÓN
Validación VMateo V. Control de calidad BPMSU
942 ## - ADDED ENTRY ELEMENTS (KOHA)
Source of classification or shelving scheme Dewey Decimal Classification
Koha item type Libros
Existencias
Withdrawn status Lost status Source of classification or shelving scheme Damaged status Not for loan Collection code Home library Current library Date acquired Source of acquisition Total Checkouts Full call number Barcode Date last seen Copy number Price effective from Koha item type
    Dewey Decimal Classification     Colección Juvenil General Biblioteca Pública Metropolitana Salomé Ureña Biblioteca Pública Metropolitana Salomé Ureña 11/12/2015 FUNDI   BPMSU CJG 843.8 V531J 1987 BPMSU15110207 11/12/2015 v. 53 11/12/2015 Libros
    Dewey Decimal Classification     Colección Juvenil General Biblioteca Pública Metropolitana Salomé Ureña Biblioteca Pública Metropolitana Salomé Ureña 08/30/2016 FUNDI   843.8 V531f BPMSU16080281 08/30/2016 v. 2 08/30/2016 Libros